000 00604nam a2200193 a 4500
003 OSt
005 20240223110611.0
008 180215t2017 pk g |||| 000 j urd d
020 _a000000554596
_cRs. 450.00
040 _c0
082 _a891.4392
_bBIL
100 1 _aبلالی،مسعوداحمدشاہ
_9121232
245 1 0 _a۔حکایات رومی
_cSyed Masood Ahmad Shah Bilali
246 _aHikayat E Rumi
260 _aIslamabad:
_c2017.
300 _a280p.
942 _2ddc
_cBK
_aSADA
_k891.4392 BIL 2017
999 _c608085
_d608085